| 000 | 00476nam a2200181Ia 4500 | ||
|---|---|---|---|
| 001 | 22915 | ||
| 005 | 20260414150902.0 | ||
| 008 | 260414t2014||||xx |||||||||||||| ||spa|| | ||
| 041 | _aESP | ||
| 082 |
_a624.17 _bS21A |
||
| 100 |
_aSan Bartolomé, Ángel, _eAUT |
||
| 245 | 0 |
_aDiseño y construcción de estructuras sismorresistentes de albañilería _b |
|
| 260 | _c2014 | ||
| 300 |
_a343 páginas : _c24 cm. |
||
| 650 | _a0 | ||
| 654 | _aCIC | ||
| 942 |
_cLIB _dJUS _fJUS _2ddc _n |
||
| 999 |
_c22915 _d22915 |
||